United States Sudden Death On a Map - Statistics

General Stats
  • This quiz has been taken 104 times
  • The average score is 34 of 50
Answers on the Map
Answers color-coded by a green-red scale on the quiz's map according to % correct below.
 
Answer Stats
Answer % Correct
California
93%
Washington
93%
Alaska
92%
Hawaii
89%
Oregon
88%
Arizona
84%
Texas
82%
Florida
78%
Louisiana
78%
New Mexico
77%
Georgia
76%
Alabama
74%
North Carolina
73%
South Carolina
72%
Tennessee
72%
Virginia
72%
Delaware
70%
Maine
70%
Maryland
70%
Mississippi
70%
West Virginia
70%
Kentucky
69%
New Jersey
69%
New York
68%
Connecticut
66%
Massachusetts
66%
Michigan
66%
Ohio
66%
Pennsylvania
66%
Rhode Island
66%
Indiana
64%
New Hampshire
64%
Vermont
64%
Idaho
62%
Illinois
62%
Montana
62%
North Dakota
62%
South Dakota
62%
Nevada
61%
Wisconsin
59%
Colorado
58%
Minnesota
58%
Oklahoma
57%
Iowa
55%
Utah
55%
Wyoming
55%
Arkansas
54%
Kansas
54%
Nebraska
53%
Missouri
50%
No matching quizzes found
Score Distribution
Percent of People with Each Score
Percentile by Number Answered
Your Score History
You have not taken this quiz